[Event "Barcelona Sant Marti op 11th"]
[Site "Barcelona"]
[Date "2024.01.11"]
[Round "1"]
[White "Lopez Sanchez, Pedro"]
[Black "Camacho Alvarez, Pablo"]
[Result "0-1"]
[WhiteElo "1340"]
[BlackElo "1738"]
[PlyCount "72"]
[EventDate "2024.01.11"]
[EventType "swiss"]
[EventRounds "9"]
[EventCountry "ESP"]
[SourceTitle "CB11_2024"]
[SourceDate "2024.03.13"]
[SourceVersion "1"]
[SourceVersionDate "2024.03.13"]
[SourceQuality "1"]

1. d4 c5 2. Nf3 cxd4 3. Nxd4 d5 4. Nf3 Nc6 5. e3 Nf6 6. Nc3 Bg4 7. Be2 e6 8. 0-0 Be7 9. b3 0-0 10. Bb2 Rc8 11. Nd4 Bxe2 12. Ndxe2 a6 13. a3 Qc7 14. Rc1 Rfd8 15. g3 d4 16. exd4 Nxd4 17. Qd3 Nxb3 18. Qe3 Nxc1 19. Rxc1 Qc5 20. Qf3 Qc6 21. Qf4 Bd6 22. Qg5 Qc5 23. Qh4 Qh5 24. Qa4 Bc5 25. Nf4 Qf3 26. Re1 Rd2 27. Nh3 Qg4 28. Qxg4 Nxg4 29. Ne4 Rxc2 30. Rb1 Be7 31. Kg2 Ne3+ 32. Kg1 Nc4 33. Bd4 Bxa3 34. Rxb7 e5 35. Bxe5 Nxe5 36. Nd6 Bxd6 0-1

[Event "Barcelona Sant Marti op-B 23rd"]
[Site "Barcelona"]
[Date "2023.07.20"]
[Round "8"]
[White "Camacho Alvarez, Pablo"]
[Black "Cortes Ventura, Joaquim"]
[Result "1/2-1/2"]
[WhiteElo "1714"]
[BlackElo "1847"]
[PlyCount "128"]
[EventDate "2023.07.13"]
[EventType "swiss"]
[EventRounds "9"]
[EventCountry "ESP"]
[SourceTitle "CBM 215 Extra"]
[Source "ChessBase"]
[SourceDate "2023.09.30"]
[SourceVersion "1"]
[SourceVersionDate "2023.09.30"]
[SourceQuality "1"]

1. d4 Nf6 2. Bf4 d5 3. Nf3 c5 4. c3 Nc6 5. e3 Bg4 6. Be2 e6 7. h3 Bh5 8. Nbd2 Be7 9. g4 Bg6 10. Ne5 Nd7 11. Nxg6 hxg6 12. Nf3 g5 13. Bg3 c4 14. Qc2 b5 15. Kf1 a5 16. Kg2 b4 17. e4 Nb6 18. exd5 Qxd5 19. Kh2 Bd6 20. Nd2 Bxg3+ 21. fxg3 Rc8 22. Bf3 Qd8 23. Rhe1 0-0 24. Ne4 Nd5 25. Qd2 Re8 26. Rac1 f6 27. Nc5 Qd6 28. Qg2 Kf7 29. Nxe6 Nb6 30. Nc5 Ne5 31. dxe5 Qxc5 32. exf6 gxf6 33. Rxe8 Rxe8 34. Rc2 Re3 35. cxb4 axb4 36. Be4 Qe5 37. Bh7 Nd5 38. Rd2 Ne7 39. Bc2 Kg7 40. Bd1 c3 41. bxc3 bxc3 42. Rf2 Nd5 43. Bb3 Ne7 44. a4 Nc6 45. Rf5 Qe7 46. Rf2 Nd4 47. Bc2 Nxc2 48. Rxc2 Qb4 49. Qc6 Qd4 50. a5 Re1 51. Qg2 Rd1 52. Re2 Rd2 53. a6 Rxe2 54. Qxe2 Qd2 55. Qxd2 cxd2 56. a7 d1Q 57. a8Q Qd2+ 58. Qg2 Qd6 59. Qb2 Qc7 60. Qb1 Qd6 61. Qc2 Qe5 62. Qd2 Kg6 63. Qd3+ Kg7 64. Kg2 Qb2+ 1/2-1/2

[Event "Barcelona Sant Marti op-B 23rd"]
[Site "Barcelona"]
[Date "2023.07.17"]
[Round "5"]
[White "Walter Travella, German"]
[Black "Camacho Alvarez, Pablo"]
[Result "1-0"]
[WhiteElo "1798"]
[BlackElo "1714"]
[PlyCount "61"]
[EventDate "2023.07.13"]
[EventType "swiss"]
[EventRounds "9"]
[EventCountry "ESP"]
[SourceTitle "CBM 215 Extra"]
[Source "ChessBase"]
[SourceDate "2023.09.30"]
[SourceVersion "1"]
[SourceVersionDate "2023.09.30"]
[SourceQuality "1"]

1. e4 c5 2. Nf3 g6 3. Bc4 Bg7 4. d4 cxd4 5. c3 dxc3 6. Nxc3 Nc6 7. e5 Nh6 8. Bf4 a6 9. 0-0 b5 10. Bd5 Bb7 11. Re1 Nf5 12. g4 Nh6 13. h3 e6 14. Ne4 0-0 15. Nd6 Qc7 16. Nxb7 exd5 17. Nd6 Kh8 18. Rc1 Qb6 19. Qxd5 Ne7 20. Qd2 Nhg8 21. Ng5 h6 22. Ndxf7+ Rxf7 23. Nxf7+ Kh7 24. Qxd7 Qa5 25. e6 Qxa2 26. Be5 Bxe5 27. Nxe5 Qxb2 28. Nc6 Qf6 29. Nxe7 Qxe7 30. Rc7 Re8 31. Qc6 1-0

[Event "Barcelona Sant Marti op-B 23rd"]
[Site "Barcelona"]
[Date "2023.07.14"]
[Round "2"]
[White "Camacho Alvarez, Pablo"]
[Black "Leon Gimenez, Alvaro"]
[Result "1/2-1/2"]
[WhiteElo "1714"]
[BlackElo "1396"]
[PlyCount "65"]
[EventDate "2023.07.13"]
[EventType "swiss"]
[EventRounds "9"]
[EventCountry "ESP"]
[SourceTitle "CBM 215 Extra"]
[Source "ChessBase"]
[SourceDate "2023.09.30"]
[SourceVersion "1"]
[SourceVersionDate "2023.09.30"]
[SourceQuality "1"]

1. d4 d5 2. c4 e6 3. Nc3 Nf6 4. Nf3 b6 5. Bg5 Be7 6. e3 Bb7 7. Bd3 Nbd7 8. Rc1 a6 9. cxd5 exd5 10. 0-0 0-0 11. Bf4 Ne4 12. Bxc7 Qxc7 13. Nxd5 Qd6 14. Nxe7+ Qxe7 15. Rc7 Nd6 16. Ne5 Qg5 17. Rxb7 Nxe5 18. Rxb6 Ndc4 19. Rb3 Nxd3 20. Qxd3 Rac8 21. Rb4 Nd6 22. Qxa6 Ne4 23. Qd3 Qe7 24. Rb5 Nf6 25. Qb3 Rc7 26. Rd1 Rfc8 27. f3 Ne8 28. Re5 Qd7 29. Rd2 Nd6 30. Rd5 Qc6 31. Rc5 Qd7 32. Rd5 Qc6 33. Rc5 1/2-1/2

[Event "Barcelona Sant Marti op-B 23rd"]
[Site "Barcelona"]
[Date "2023.07.13"]
[Round "1"]
[White "Casali Mata, Kevin"]
[Black "Camacho Alvarez, Pablo"]
[Result "0-1"]
[WhiteElo "1355"]
[BlackElo "1714"]
[PlyCount "66"]
[EventDate "2023.07.13"]
[EventType "swiss"]
[EventRounds "9"]
[EventCountry "ESP"]
[SourceTitle "CBM 215 Extra"]
[Source "ChessBase"]
[SourceDate "2023.09.30"]
[SourceVersion "1"]
[SourceVersionDate "2023.09.30"]
[SourceQuality "1"]

1. e4 c5 2. Nf3 g6 3. d4 cxd4 4. Nxd4 Nf6 5. Nc3 Nc6 6. Be3 Bg7 7. f3 0-0 8. Qd2 d5 9. Nxc6 bxc6 10. 0-0-0 Be6 11. h4 dxe4 12. Qxd8 Rfxd8 13. Rxd8+ Rxd8 14. fxe4 Ng4 15. Bg5 Nf2 16. Rg1 Bxc3 17. bxc3 Rd1+ 18. Kb2 Nxe4 19. Be3 Rd7 20. Ba6 c5 21. Bc8 Rd6 22. Bxe6 Rxe6 23. Rd1 Rd6 24. Re1 f5 25. Kb3 Kf7 26. Kc4 Ra6 27. Kb3 h5 28. a4 Rb6+ 29. Ka3 Rb7 30. c4 a5 31. Rd1 Rb4 32. Rd5 Rxc4 33. Kb3 Rc3+ 0-1

[Event "Foment Martinenc op-B 21st"]
[Site "Barcelona"]
[Date "2019.06.22"]
[Round "9"]
[White "Membrives Pino, Didac"]
[Black "Camacho Alvarez, Pablo"]
[Result "1-0"]
[WhiteElo "1579"]
[BlackElo "1645"]
[PlyCount "87"]
[EventDate "2019.04.27"]
[EventType "swiss"]
[EventRounds "9"]
[EventCountry "ESP"]
[SourceTitle "EXT 2020"]
[Source "ChessBase"]
[SourceDate "2019.10.17"]
[SourceVersion "1"]
[SourceVersionDate "2019.10.17"]
[SourceQuality "1"]

1. d4 Nf6 2. Bf4 e6 3. Nf3 d5 4. e3 c5 5. c3 Bd6 6. Ne5 0-0 7. Nd2 Nc6 8. Bd3 Qc7 9. Ndf3 Nd7 10. Bxh7+ Kxh7 11. Ng5+ Kg8 12. Nxd7 Bxf4 13. exf4 Qxf4 14. Qh5 Qf5 15. Nxf8 Kxf8 16. Qh8+ Ke7 17. Qxg7 cxd4 18. cxd4 Bd7 19. 0-0 Nxd4 20. Qxd4 Qxg5 21. Qb4+ Kf6 22. f4 Qg4 23. Qxb7 Rg8 24. Rf2 Bc8 25. Qxa7 Qf5 26. Rc1 Qd3 27. f5 exf5 28. Qb6+ Be6 29. Rcf1 Ke7 30. a4 d4 31. Qc5+ Kd8 32. a5 Qe4 33. Qd6+ Bd7 34. a6 Rg6 35. Qb8+ Ke7 36. a7 Bc6 37. Qc7+ Kf8 38. Qd8+ Kg7 39. Rf3 Rxg2+ 40. Kxg2 Qe2+ 41. Kg1 Bxf3 42. Rxf3 Qxf3 43. Qg5+ Kh7 44. Qh4+ 1-0

[Event "Foment Martinenc op-B 21st"]
[Site "Barcelona"]
[Date "2019.06.01"]
[Round "6"]
[White "Camacho Alvarez, Pablo"]
[Black "Gonzalez Muelas, Javier"]
[Result "1/2-1/2"]
[WhiteElo "1645"]
[BlackElo "1608"]
[PlyCount "56"]
[EventDate "2019.04.27"]
[EventType "swiss"]
[EventRounds "9"]
[EventCountry "ESP"]
[SourceTitle "EXT 2020"]
[Source "ChessBase"]
[SourceDate "2019.10.17"]
[SourceVersion "1"]
[SourceVersionDate "2019.10.17"]
[SourceQuality "1"]

1. d4 d5 2. c4 Nf6 3. Nc3 Bf5 4. Nf3 e6 5. e3 dxc4 6. Bxc4 c6 7. 0-0 Qc7 8. h3 Bd6 9. Bd3 Bg6 10. e4 e5 11. dxe5 Bxe5 12. Nxe5 Qxe5 13. Qc2 0-0 14. Be3 h6 15. f3 Nbd7 16. Qf2 b6 17. Rad1 Rad8 18. Bc2 Qe7 19. a3 Rfe8 20. Ba4 Nb8 21. Rxd8 Rxd8 22. Rd1 Rxd1+ 23. Bxd1 Nbd7 24. Qd2 Nf8 25. Ba4 b5 26. Bc2 Ne6 27. b4 Qd7 28. Qxd7 Nxd7 1/2-1/2

[Event "Foment Martinenc op-B 21st"]
[Site "Barcelona"]
[Date "2019.05.25"]
[Round "5"]
[White "Mena Barberan, Joan Pere"]
[Black "Camacho Alvarez, Pablo"]
[Result "0-1"]
[WhiteElo "1647"]
[BlackElo "1645"]
[PlyCount "108"]
[EventDate "2019.04.27"]
[EventType "swiss"]
[EventRounds "9"]
[EventCountry "ESP"]
[SourceTitle "EXT 2020"]
[Source "ChessBase"]
[SourceDate "2019.10.17"]
[SourceVersion "1"]
[SourceVersionDate "2019.10.17"]
[SourceQuality "1"]

1. d4 Nf6 2. c4 c5 3. d5 b5 4. cxb5 a6 5. bxa6 Bxa6 6. g3 g6 7. Nc3 Bg7 8. Bg2 d6 9. Nf3 0-0 10. 0-0 Nbd7 11. Qc2 Nb6 12. Rd1 Bc4 13. e4 Qc7 14. Bf4 Nbd7 15. Nd2 Ba6 16. h3 Nh5 17. Be3 Ne5 18. Nf3 Nc4 19. Bc1 Rfb8 20. Nd2 Ne5 21. Nf3 Nd7 22. b3 Be2 23. Qxe2 Bxc3 24. Bb2 Bxb2 25. Qxb2 Nhf6 26. Qc2 Rb4 27. Nd2 Ne5 28. f4 Ned7 29. Nc4 Nh5 30. Kh2 Nb6 31. Rdb1 Nxc4 32. bxc4 Ra3 33. Rxb4 cxb4 34. Rb1 Qa5 35. Qd2 Nxg3 36. Qxb4 Qxb4 37. Rxb4 Ne2 38. Rb2 Nxf4 39. Bf1 f6 40. Rf2 Nh5 41. Rg2 Nf4 42. Rf2 g5 43. h4 h6 44. hxg5 hxg5 45. Kg1 Kg7 46. Kh2 Kf7 47. Kg1 Kg7 48. Kh2 Re3 49. Bg2 Ra3 50. Kh1 Rc3 51. Bf1 Nh5 52. Kh2 Ng3 53. Kg1 Nxe4 54. Rb2 Nc5 0-1

[Event "Barcelona Ideal Clave op 21st"]
[Site "Barcelona"]
[Date "2017.11.04"]
[Round "5"]
[White "Marques Soriano, Valentin"]
[Black "Camacho Alvarez, Pablo"]
[Result "1-0"]
[WhiteElo "1745"]
[BlackElo "1383"]
[PlyCount "73"]
[EventDate "2017.09.30"]
[EventType "swiss"]
[EventRounds "8"]
[EventCountry "ESP"]
[SourceTitle "CBM 181 Extra"]
[Source "ChessBase"]
[SourceDate "2017.12.12"]
[SourceVersion "1"]
[SourceVersionDate "2017.12.12"]
[SourceQuality "1"]

1. e4 d5 2. exd5 Qxd5 3. Nc3 Qa5 4. d4 Nf6 5. Bd3 c6 6. Nge2 Bg4 7. f3 Bh5 8. 0-0 e6 9. Bf4 Be7 10. a3 Nbd7 11. b4 Qd8 12. Bg3 0-0 13. Nf4 Nb6 14. Kh1 Nbd5 15. Nce2 Ne3 16. Qd2 Nxf1 17. Rxf1 Bg6 18. Nxg6 hxg6 19. c3 Bd6 20. Bh4 Qc7 21. Bxf6 gxf6 22. Qh6 Rfe8 23. f4 Bf8 24. Qh3 f5 25. Ng1 f6 26. Qg3 Kf7 27. Nf3 Bh6 28. Nh4 g5 29. Nxf5 exf5 30. Qh3 Rh8 31. Qxf5 Bg7 32. Re1 Rhe8 33. Rf1 gxf4 34. Bc4+ Kf8 35. Qh7 Qd8 36. Qg8+ Ke7 37. Qe6+ 1-0

[Event "Barcelona Ideal Clave op 21st"]
[Site "Barcelona"]
[Date "2017.10.21"]
[Round "3"]
[White "Astor Martinez, Juan Fernando"]
[Black "Camacho Alvarez, Pablo"]
[Result "0-1"]
[WhiteElo "1451"]
[BlackElo "1383"]
[PlyCount "52"]
[EventDate "2017.09.30"]
[EventType "swiss"]
[EventRounds "8"]
[EventCountry "ESP"]
[SourceTitle "CBM 181 Extra"]
[Source "ChessBase"]
[SourceDate "2017.12.12"]
[SourceVersion "1"]
[SourceVersionDate "2017.12.12"]
[SourceQuality "1"]

1. d4 d5 2. e4 c6 3. e5 Bf5 4. g4 Bg6 5. h4 h5 6. g5 e6 7. Bd3 Ne7 8. Bxg6 Nxg6 9. Ne2 Nd7 10. Nd2 c5 11. Nf3 cxd4 12. Nexd4 Ngxe5 13. Be3 Bd6 14. Nxe5 Nxe5 15. Qe2 Nc4 16. Nb3 Qc7 17. Bd4 Be5 18. 0-0-0 Bxd4 19. Nxd4 0-0-0 20. b3 Nd6 21. Kb2 Ne4 22. Rd3 e5 23. Nb5 Qb6 24. Rf1 Qxb5 25. f3 Nc5 26. Qxe5 Nxd3+ 0-1

[Event "Foment Martinenc op-B 18th"]
[Site "Barcelona"]
[Date "2016.06.04"]
[Round "7"]
[White "Camacho Alvarez, Pablo"]
[Black "Castilla Casanova, Victor"]
[Result "1-0"]
[WhiteElo "1820"]
[BlackElo "1742"]
[PlyCount "61"]
[EventDate "2016.04.23"]
[EventType "swiss"]
[EventRounds "9"]
[EventCountry "ESP"]
[SourceTitle "EXT 2017"]
[Source "ChessBase"]
[SourceDate "2016.10.25"]
[SourceVersion "1"]
[SourceVersionDate "2016.10.25"]
[SourceQuality "1"]

1. Nf3 Nc6 2. d4 d5 3. Bf4 Nf6 4. e3 Bf5 5. a3 e6 6. Nbd2 Bd6 7. Bg5 h6 8. Bh4 e5 9. dxe5 Nxe5 10. Nxe5 Bxe5 11. c3 c6 12. Nf3 Qd6 13. Bxf6 Bxf6 14. Nd4 Bg6 15. Bd3 Be5 16. Bxg6 Qxg6 17. 0-0 c5 18. Qa4+ Ke7 19. Nf3 Bd6 20. Qb3 b6 21. Qxd5 Rhe8 22. Nh4 Qf6 23. Nf5+ Kd7 24. Nxd6 Qxd6 25. Qb7+ Ke6 26. Rad1 Qe5 27. Qd7+ Kf6 28. Rd6+ Re6 29. Rfd1 Qe4 30. Rxe6+ Qxe6 31. Rd6 1-0

[Event "Foment Martinenc op-B 18th"]
[Site "Barcelona"]
[Date "2016.04.30"]
[Round "2"]
[White "Roig Martinez, Salvador"]
[Black "Camacho Alvarez, Pablo"]
[Result "1-0"]
[WhiteElo "1626"]
[BlackElo "1820"]
[PlyCount "91"]
[EventDate "2016.04.23"]
[EventType "swiss"]
[EventRounds "9"]
[EventCountry "ESP"]
[SourceTitle "EXT 2017"]
[Source "ChessBase"]
[SourceDate "2016.10.25"]
[SourceVersion "1"]
[SourceVersionDate "2016.10.25"]
[SourceQuality "1"]

1. d4 d5 2. c4 c6 3. Nc3 Nf6 4. Nf3 dxc4 5. e3 b5 6. Bd2 Bb7 7. b3 cxb3 8. axb3 Nbd7 9. Be2 e6 10. 0-0 Bd6 11. Qc2 a6 12. Rfe1 Rc8 13. Qb2 c5 14. dxc5 Nxc5 15. Red1 Qc7 16. Qa2 Nce4 17. Nxe4 Nxe4 18. Ba5 Qc2 19. Qxc2 Rxc2 20. Bd3 Bxh2+ 21. Nxh2 Rc8 22. Bxe4 Bxe4 23. Nf3 0-0 24. Rd7 Bd5 25. Nd2 f5 26. f3 Bc6 27. Rd6 Kf7 28. Kf2 Bd5 29. Ke2 Rc2 30. Rb1 Ra2 31. Bd8 g5 32. Kd3 g4 33. Rc1 gxf3 34. Rc7+ Kg6 35. gxf3 Rf7 36. Rc8 Ra3 37. Kc3 Rb7 38. Kb2 b4 39. e4 fxe4 40. fxe4 Bxe4 41. Nxe4 Kf5 42. Nd2 Rg7 43. Rc5+ Kf4 44. Rxe6 Rd7 45. Bg5+ Kg4 46. Nc4 1-0